000 01496cab a22002535a 4500
001 L142639
008 080226s2008 xxk f 000 0 eng d
035 _a(Sirsi) u142639
041 0 _aeng
100 1 _aDixon, Tim
245 0 0 _aFacing the future
_benergy performance certificates and commercial property
260 _c2008
490 0 _aJournal of Property Investment and Finance
_v26(1) 2008, 96-100(5)
520 _aPresents the findings of interviews with experts from property investment and building engineering on the Energy Performance Buildings Directive (EPBD), focusing on Energy Performance Certificates and the needs of UK property investors. Finds that there is still a need for clarification, despite the fact that the regulation process has been published. Finds the main areas of concern to be: cost of surveys; implementation difficulties; a shortage of assessors. Expects the EPBD to lead to a price differential in valuation in the short term and price chipping by buyers and tenants in the medium term.
590 _aKA
650 2 4 _aCOMMERCIAL ENERGY PERFORMANCE CERTIFICATES
650 2 4 _aEUROPEAN ENERGY PERFORMANCE OF BUILDINGS DIRECTIVE 2002/91/EC
650 2 4 _aENERGY PERFORMANCE OF BUILDINGS (CERTIFICATES AND INSPECTIONS) (ENGLAND AND WALES) REGULATIONS 2007
651 4 _aUnited Kingdom
_y
690 _aENVIRONMENTAL AND LAND CONSULTANCY-ENERGY-ENERGY USE-ENERGY EFFICIENCY
700 1 _aKeeping, Miles
700 1 _aRoberts, Claire
942 _n0
999 _c79884
_d79884